000 00626nam a2200217 a 4500
005 20210219153448.0
008 991125n 000 0 u
035 _aUPN01000101285
100 _aDouglas, Michael A.
222 0 _aJOURNAL OF DEVELOPMENTAL EDUCATION
245 0 _aA successful individualized writing lab module
300 _a24-26, 41
362 _a16, No. 3, 1993
505 _aJunio 1993
653 0 _aDISEÑO ASISTIDO POR ORDENADOR
653 0 _aESCRITURA BASICA
653 0 _aPROGRAMAS DE ESTUDIO EN DESARROLLO
653 0 _aPRUEBAS DE ENSE\197ANZA
904 _aAC
_b039096
905 _aArticulo
999 _c77533
_d77533